000 00615nam a22002057a 4500
003 OSt
005 20180430174152.0
008 180206b xxu||||| |||| 00| 0 eng d
020 _a9788184483628
040 _c040a
082 _aQV 34
_bG919e 2008
100 _aGrover, J.K.
_912437
245 _aExperiments in Pharmacy and Pharmacology Volumes 1&2 combined
260 _aNew Delhi
_bJaypee Brothers medical publishers LTD
_c2008
300 _a290p;
_bill :
_c20 cm.
504 _aIncludes bibliographical references and index
650 _aPharmacy
_912438
650 _aPharmacology
_9357
942 _2z
_cO_SHELF
999 _c5995
_d5995